01128nam a2200313 4500003000400000005001700004008004100021020003700062020002600099040001800125050002500143100003800168240002700206245014600233264004900379300003300428336002200461337002400483338002400507500007300531500002600604610001800630700003800648700002700686700004100713700003100754942001200785999001700797OSt20260530115257.0260417b19691978maua|||| |||| 00| 0 eng d a026223033Xqencuadernado en tela a0262730472qrústica aICIbspacICI4 aN332.B38bW5413 19691 aWingler, Hans Mariaeautor93067314aDas Bauhaus.lInglés14aThe Bauhaus :bWeimar, Dessau, Berlin, Chicago /cby Hans M. Wingler ; translated by Wolfgang Jabs and Basil Gilbert ; edited by Joseph Stein 1bMIT Press,c1969aCambridge, Massachusetts : a658 páginasbilustraciones atexto2rdacontent asin medio2rdamedia avolumen2rdacarrier a"Originally published in german in 1962 under the name: Das Bauhaus" aReimpresiones: (1978)24aBauhaus969951 aJabs, Wolfgang,etraductor9306741 aGilbert, Basil,9306751 aStein, Joseph,d1977-eeditor9306761 aWingler, Hans Maria930673 2lcccBK c12672d12672